Les Vainqueurs (sans corruption) Du Ballon d'Or - Statistiques

Statistiques générales
  • Ce quiz a été pris 69 fois
  • Le résultat moyen est 4 sur 6
Statistiques - réponses
Hint Réponse % Correct
6 Cristiano Ronaldo
100%
4 Messi
100%
3 Michel Platini
50%
3 Johan Cruyff
36%
3 Neymar
35%
2 Mbappé
29%
Aucun quiz correspondant
Distribution des résultats
% des personnes avec chaque résultat
Percentile par nombre de réponses
Votre historique - résultats
Vous n’avez pas pris ce quiz